Представление документа в формате RUSMARC

ПолеНазваниеЗначение
  Тип записи a
  Библиографический уровень m
001 Контрольный номер UONB/MAIN/549141261465487fa375eb1976fc242c
005 Дата корректировки 20260428142719.7
010 Индекс ISBN __
d Цена 45 к.
9 Тираж 3350 экз.
a ISBN 5-12-000354-0
100 Данные общей обработки __
a Данные общей обработки 20260428d1988 u y0rusy0189 ca
101 Язык документа 0_
a Язык текста rus
102 Страна публикации __
a Страна публикации RU
105 Кодированные данные (монография) __
a Кодированные данные (монография) a z 001yy
200 Заглавие и сведения об ответственности 1_
a Заглавие Электролиты
f Первые сведения об ответственности И. Р. Юхновский, И. И. Курыляк
203 Вид содержания и тип средства __
a Вид содержания Текст
b Характеристика содержания визуальный
c Тип средства непосредственный
210 Выходные данные 1_
a Место издания Киев
c Издательство Наукова думка
d Дата издания 1988
215 Физическое описание __
a Объем 166, [2] с.
c Иллюстрации/тип воспроизводства ил.
d Формат 20 см
320 Библиография __
a Библиография Библиогр.: с. 166-167
606 Тематические рубрики 0_
a Основная рубрика Электролиты
x Основная подрубрика Растворы
610 Ключевые слова 0_
a Ключевые слова работа электролитов; растворы электролитов; минеральные соединения
675 Индекс УДК __
a Индекс УДК 541.173
686 Индексы других классификаций __
a Классификационный индекс 24.57
2 Код системы rubbk
700 Автор _1
a Фамилия Юхновский
b Имя (инициалы) И. Р.
g Полное личное имя Игорь Рафаилович
701 Альтернативная интеллектуальная ответственность _1
a Фамилия Курыляк
b Имя (инициалы) И. И.
g Полное личное имя Иван Иосифович
801 Источник записи _0
a Страна RU
b Организация Ульяновская ОНБ
c Дата составления 20260428
g Правила каталогизации RCR
801 Источник записи _1
a Страна RU
b Организация Ульяновская ОНБ
c Дата составления 20260428
g Правила каталогизации RCR
901 Тип документа __
t Тип документа m
909 Создатель записи __
a Создатель записи Фризен
b Дата создания записи 20260428